00394pam a2200145 a 4500020001500000040000800015082002500023100001700048245004200065260005200107300005000159650001200209942001000221999001700231 a002354841X cDLC00a530 PRE 1995 A034 Or1 aHobson, Art,10aPhysics :bconcepts and connections / aEnglewood Cliffs, N.J. :bPrentice Hall,cc1995 axix, 530 p. :bill. (some col.), map ;c25 cm 0aPhysics cAEDBB c12540d12540